000 00863nam2a2200229 4500
001 rc\2655257
005 20260315043354.0
035 _a(NLR Aleph) 006962540
090 _a13564497
_c13564497
100 _a20110614d1930 u y0rusy50 ca
101 0 _arus
102 _aRU
105 _ay z |||||
200 1 _aГибель британского Средиземного флота
_e(Рассказы)
210 _d1930
461 0 _1001rc\2655255
_12001#$aИзбранные произведения$eТ. 1-$vТ. 2
_1700#1$aЛайцен$bЛ.$gЛинард$f1883-1938
_95359032
_aЛайцен, Л. (1883-1938)
_cЛенинград
_d1929
_nПрибой
_oТ. 1-
_tИзбранные произведения
_vТ. 2
801 0 _aRU
_bNLR
_gpsbo
801 1 _aRU
_bELAR
_2rusmarc
852 _aNLR
_bЛ
_j40 В-3/26
852 _aNLR
_j74/605
942 _cUNSPEC
980 _aNB